Кабардино-Балкария в годы восстановления народного хозяйства СССР. (1921-1925 гг.) / (Record no. 526269)
[ view plain ]
| 000 -LEADER | |
|---|---|
| fixed length control field | 01151nam a2200241 a 4500 |
| 003 - CONTROL NUMBER IDENTIFIER | |
| control field | AM-YEHGA |
| 005 - DATE AND TIME OF LATEST TRANSACTION | |
| control field | 20250617164604.0 |
| 008 - FIXED-LENGTH DATA ELEMENTS--GENERAL INFORMATION | |
| fixed length control field | 180315s1962 ru |||||r|||||001|0|rus|| |
| 040 ## - CATALOGING SOURCE | |
| Original cataloging agency | AM-YeHGA |
| 041 0# - LANGUAGE CODE | |
| Language code of text/sound track or separate title | rus |
| 001 - CONTROL NUMBER | |
| control field | 1325614 |
| 090 ## - LOCALLY ASSIGNED LC-TYPE CALL NUMBER (OCLC); LOCAL CALL NUMBER (RLIN) | |
| -- | 563854 |
| 100 1# - MAIN ENTRY--PERSONAL NAME | |
| Personal name | Хакуашев, Евгений Тикович |
| 245 10 - TITLE STATEMENT | |
| Title | Кабардино-Балкария в годы восстановления народного хозяйства СССР. (1921-1925 гг.) / |
| Statement of responsibility, etc. | Е.Т. Хакуашев ; Под ред. д-ра ист. наук проф. И.Б. Берхина ; Кабард.-Балкар. науч.-исслед. ин-т. |
| 260 ## - PUBLICATION, DISTRIBUTION, ETC. | |
| Place of publication, distribution, etc. | Нальчик : |
| Name of publisher, distributor, etc. | Кабард.-Балкар. кн. изд-во, |
| Date of publication, distribution, etc. | 1962. |
| 300 ## - PHYSICAL DESCRIPTION | |
| Extent | 136 с. ; |
| Dimensions | 20 см. |
| 504 ## - BIBLIOGRAPHY, ETC. NOTE | |
| Bibliography, etc. note | Библиогр.: с. 128-135 |
| 650 14 - SUBJECT ADDED ENTRY--TOPICAL TERM | |
| Topical term or geographic name entry element | История |
| Geographic subdivision | Россия |
| 653 0# - INDEX TERM--UNCONTROLLED | |
| Uncontrolled term | Кабардино-Балкарская АССР - История - 1921-1925 |
| 700 1# - ADDED ENTRY--PERSONAL NAME | |
| Personal name | Берхин, И.Б. |
| Relator term | ред. |
| Relationship | edt |
| 710 2# - ADDED ENTRY--CORPORATE NAME | |
| Corporate name or jurisdiction name as entry element | Кабардино-Балкарский научно-исследовательский институт |
| 942 ## - ADDED ENTRY ELEMENTS (KOHA) | |
| Source of classification or shelving scheme | Universal Decimal Classification |
| Koha item type | Գրքեր / Books |
| Withdrawn status | Lost status | Damaged status | Not for loan | Collection | Home library | Current library | Date acquired | Total checkouts | Full call number | Barcode | Date last seen | Price effective from | Koha item type | Public note |
|---|---|---|---|---|---|---|---|---|---|---|---|---|---|---|
| General | Fundamental Scientific Library | Fundamental Scientific Library | 25/10/2022 | РII/73610 | FL0671335 | 25/10/2022 | 25/10/2022 | Գրքեր / Books | 30 Days Loan |
ՀՀ Գիտությունների ազգային ակադեմիայի հիմնարար գիտական գրադարան = Fundamental Scientific Library of NAS RA
All site content, except where otherwise noted, is licensed under a